Statistics for English Idioms Quiz #3

Click here to take the quiz!

General Stats

  • This quiz has been taken 48,613 times
    (48,584 since last reset)
  • The average score is 21 of 30

Answer Stats

Idiom% Correct
A hard nut to {crack}
94%
Read between the {lines}
93%
Never a dull {moment}
91%
Got off on the wrong {foot}
91%
No {strings} attached
90%
A {shoulder} to cry on
90%
A {diamond} in the rough
89%
Third time's a {charm}
84%
Thank one's {lucky} stars
84%
Hold your {horses}!
82%
{Hot} and bothered
81%
Wolf in sheep's {clothing}
80%
Follow to the ends of the {Earth}
80%
Without rhyme or {reason}
78%
That's the $64,000 {question}
72%
Came out of left {field}
70%
Have an {axe} to grind
69%
{Drown} one's sorrows
66%
Firing on all {cylinders}
64%
Fly off the {handle}
63%
Par for the {course}
61%
A {fly} in the ointment
60%
Albatross around one's {neck}
60%
Rob Peter to pay {Paul}
56%
Keep your powder {dry}
44%
Behind the {eight} ball
40%
Put one's house in {order}
39%
Not worth a {hill} of beans
31%
{Beyond} the pale
30%
{Cross} the Rubicon
28%

Score Distribution

Percentile by Number Answered

Percent of People with Each Score

Your Score History

You have not taken this quiz since the last reset